Culture Générale - Série 2467 - Statistiques

Statistiques générales
  • Ce quiz a été pris 169 fois
  • Le résultat moyen est 5 sur 10
Statistiques - réponses
Question Réponse % Correct
Quel mot d'origine américaine de 4 lettres désigne le patron ? boss
99%
Quelle grande ville française se trouve à la jonction du Rhône et de la Saône ? Lyon
87%
Ce mot désigne un roi de la mythologie grecque et une mer intérieure du bassin méditerranéen Egee
73%
Quel légume est appelé "ratte" ? pomme de terre
61%
En quelle année le Sénégal a-t-il obtenu son Indépendance ? 1958
42%
Engrais organique 100 % biologique, respectueux de l'environnement qui provient des excréments de chauve-souris et d'oiseaux marins guano
42%
Quel est le prénom de l'actrice, réalisatrice, scénariste, productrice de cinéma et chanteuse américano-danoise représentée en photo ? Scarlett
37%
Quel anglicisme de 5 lettres désigne un court message informatif posté sur le web par l'intermédiaire d'un service qui le transmet à des abonnés ? tweet
24%
Ce verbe de 5 lettres peut signifier "vêtir" ou"miner" saper
22%
(Anglicisme) Tricot de maille serrées à manches longues, porté avant ou après un effort sportif ou comme vêtement décontracté - 7 lettres commençant par " s " sweater
13%
Aucun quiz correspondant
Distribution des résultats
% des personnes avec chaque résultat
Percentile par nombre de réponses
Votre historique - résultats
Vous n’avez pas pris ce quiz